A chip off the old Black /
Saved in:
| Main Author: | |
|---|---|
| Format: | Book |
| Language: | English |
| Published: |
Madeira Park, B.C. :
Harbour Pub.,
c2010.
|
| Subjects: | |
| Tags: |
Add Tag
No Tags, Be the first to tag this record!
|
| LEADER | 00735nam a22002657a 4500 | ||
|---|---|---|---|
| 001 | 012740344-2 | ||
| 005 | 20110428092524.0 | ||
| 008 | 110202s2010 bcc 000 0 eng | ||
| 010 | |a 2010530612 | ||
| 020 | |a 9781550175103 | ||
| 035 | 0 | |a ocn648388016 | |
| 040 | |a NLC |b eng |c NLC |d YDXCP |d CDX |d VP@ |d DLC | ||
| 042 | |a lccopycat | ||
| 043 | |a n-cn--- | ||
| 050 | 0 | 0 | |a PN6178.C3 |b B4823 2010 |
| 082 | 0 | 4 | |a C818/.5402 |2 22 |
| 100 | 1 | |a Black, Arthur. | |
| 245 | 1 | 2 | |a A chip off the old Black / |c Arthur Black. |
| 260 | |a Madeira Park, B.C. : |b Harbour Pub., |c c2010. | ||
| 300 | |a 285 p. ; |c 24 cm. | ||
| 650 | 0 | |a Canadian wit and humor. | |
| 650 | 5 | |a Canadian wit and humor (English) | |
| 899 | |a 415_565461 | ||
| 988 | |a 20110411 | ||
| 906 | |0 OCLC | ||


